Stravovanie zamestnancov

Nárok zamestnanca na závodné stravovanie. Výška príspevku na stravovanie.

Salvato in:
Dettagli Bibliografici
Autore principale: Višňovec, Ignác
Natura: Capitolo di libro
Lingua:slovacco
Soggetti:
Tags: Aggiungi Tag
Nessun Tag, puoi essere il primo ad aggiungerne!!

MARC

LEADER 00000naa a2200000 4500
001 0146397
005 20231120125533.2
041 0 |a slo 
044 |a SK 
245 1 0 |a Stravovanie zamestnancov  |c Ignác Višňovec 
520 |a Nárok zamestnanca na závodné stravovanie. Výška príspevku na stravovanie. 
610 2 0 |a stravovanie zamestnancov 
100 1 |a Višňovec, Ignác